[Event "Bratislava Centenary Championship"]
[Site "Bratislava"]
[Date "2019.05.16"]
[Round "8.3"]
[White "Kolman, Richard"]
[Black "Pacher, Milan"]
[Result "0-1"]
[WhiteElo "1995"]
[BlackElo "2396"]
[Annotator "TA"]
[PlyCount "78"]
[EventDate "2019.05.10"]
[EventType "tourn"]
[EventCountry "SVK"]
[SourceTitle "playchess.com"]
[Source "ChessBase"]
[SourceQuality "1"]

{[%evp 9,78,18,31,16,26,20,12,-22,-18,-20,-24,-36,-29,-27,-18,-32,-13,-16,-22,-13,0,-43,-43,-47,-54,-70,-58,-94,-45,-100,-70,-114,-121,-88,-56,-92,-43,-123,-127,-98,-125,-214,-206,-237,-108,-111,-114,-139,-140,-129,42,37,27,15,74,24,92,-743,-815,-856,-854,-833,-827,-701,-702,-670,-658,-792,-782,-735,-705]} 1. d4 f5 2. Nc3 d5 3. Bf4 e6 4. e3 Nf6 5. Nf3 Bd6 6. Be2 {A80: Dutch Defence: Unusual White second moves} (6. Bd3 O-O 7. Ne2 Nc6 8. O-O Bd7 9. c4 dxc4 10. Bxc4 Kh8 11. Rc1 Qe7 12. Bb5 Rad8 13. a3 Nxd4 14. Nexd4 Bxb5 15. Nxb5 Bxf4 {1-0 (56) Zubov,A (2597)-Lagarde,M (2615) Bastia 2018}) 6... O-O 7. Ne5 Nbd7 8. g4 $146 {The position is equal.} ({Predecessor:} 8. Nb5 Qe7 9. c4 a6 10. Nc3 c6 11. O-O Ne4 12. Nxd7 Bxd7 13. Bxd6 Qxd6 {½-½ (47) Pert,N (2475)-Neiksans,A (2435) Athens 2001}) 8... Ne4 9. Nxe4 fxe4 10. Qd2 a5 11. h4 Nxe5 12. dxe5 Bb4 13. c3 Be7 14. g5 c6 15. O-O-O b5 $1 {[%cal Bb7b5,Bb5b4][%mdl 32]} 16. g6 h6 $1 ({Much weaker is} 16... hxg6 17. Rdg1 $14) 17. h5 b4 18. Bg4 Bg5 19. Bg3 (19. c4 $15) 19... Qe7 20. Kb1 Ba6 21. Ka1 Rfb8 22. Rc1 c5 $1 23. Rhd1 {[#]} (23. c4 $15 Bxc4 24. Rxc4 dxc4 25. Qd6) 23... a4 $1 $17 24. cxb4 Rxb4 25. Qc3 (25. a3 $17 Rb3 26. Rc3) 25... Bc4 $19 26. Qa3 Ra6 (26... Rab8 $19 {has better winning chances.} 27. Rd2 Bd3) 27. Rxc4 $17 dxc4 ({Inferior is} 27... Rxc4 28. Be2 $16) 28. Rd6 Rxd6 29. exd6 {[#]} Qd7 $2 (29... Qf6 $1 $17 {White must now prevent ...Bxe3!} 30. d7 Qe7) 30. Be5 $14 {Threatens to win with Qc3.} Bf6 31. Qc3 $1 Rb6 (31... Rb8 $1 $11 {keeps the balance.}) 32. Qxc4 $16 Kh8 33. Bxe6 $2 {[%mdl 8192]} (33. Qxe4 $16 Qe8 34. a3) 33... Qd8 $19 {Black is clearly winning.} 34. Qxc5 Bxe5 35. Qxe5 Rxd6 {[%cal Rd6d1] KQR-KQB} 36. a3 Qe7 37. Qxe4 Qxe6 38. Qxa4 Rd8 39. Qc2 Qg4 {Accuracy: White = 38%, Black = 53%.} 0-1

[Event "Bratislava Centenary Championship"]
[Site "Bratislava"]
[Date "2019.05.16"]
[Round "8.4"]
[White "Kostolansky, Sebastian Lukas"]
[Black "Kralovic, Andrej"]
[Result "1-0"]
[WhiteElo "2323"]
[BlackElo "2253"]
[Annotator "ChessBase"]
[PlyCount "157"]
[EventDate "2019.05.10"]
[EventType "tourn"]
[EventCountry "SVK"]
[SourceTitle "playchess.com"]
[Source "ChessBase"]
[SourceQuality "1"]
[TimeControl "40/5400+30:1800+30"]

1. e4 {[%emt 0:00:00]} c6 {[%emt 0:00:12]} 2. d4 {[%emt 0:00:00]} d5 {[%emt 0:00:22]} 3. e5 {[%emt 0:00:00]} Bf5 {[%emt 0:01:06]} 4. Be3 {[%emt 0:10:07]} Qb6 {[%emt 0:07:12]} 5. Nd2 {[%emt 0:25:43]} Qxb2 {[%emt 0:02:55]} 6. Rb1 {[%emt 0:04:49]} Qxa2 {[%emt 0:05:25]} 7. Rxb7 {[%emt 0:00:18]} e6 {[%emt 0:29:21]} 8. Qc1 {[%emt 0:21:44]} Nd7 {[%emt 0:11:46]} 9. Rb2 {[%emt 0:13:02]} Qa5 {[%emt 0:07:01]} 10. Qb1 {[%emt 0:00:38]} Ne7 {[%emt 0:01:20]} 11. Ngf3 {[%emt 0:05:49]} Nc8 {[%emt 0:02:48]} 12. Nh4 {[%emt 0:01:30]} Bg4 {[%emt 0:03:02]} 13. h3 {[%emt 0:02:37]} Bh5 {[%emt 0:00:06]} 14. g4 {[%emt 0:01:29]} Bg6 {[%emt 0:01:00]} 15. Nxg6 {[%emt 0:00:42]} hxg6 {[%emt 0:00:24]} 16. Bd3 {[%emt 0:01:41]} Be7 {[%emt 0:01:45]} 17. Kf1 {[%emt 0:00:14]} Qd8 {[%emt 0:03:41]} 18. f4 {[%emt 0:01:14]} Ncb6 {[%emt 0:00:41]} 19. Kg2 {[%emt 0:00:33]} Rb8 {[%emt 0:07:53]} 20. c3 {[%emt 0:01:33]} O-O {[%emt 0:01:53]} 21. h4 {[%emt 0:01:59]} Qc7 {[%emt 0:05:36]} 22. h5 {[%emt 0:01:58]} g5 {[%emt 0:03:29]} 23. fxg5 {[%emt 0:00:04]} Nc4 {[%emt 0:00:30]} 24. Nxc4 {[%emt 0:01:52]} dxc4 {[%emt 0:00:05]} 25. Be4 {[%emt 0:01:38]} Ba3 {[%emt 0:01:37]} 26. Rxb8 {[%emt 0:00:22]} Rxb8 {[%emt 0:00:01]} 27. Qf1 {[%emt 0:00:16]} Rb2+ {[%emt 0:00:14]} 28. Kg3 {[%emt 0:01:21]} Nxe5 {[%emt 0:01:08]} 29. dxe5 {[%emt 0:00:44]} Qxe5+ {[%emt 0:00:07]} 30. Qf4 {[%emt 0:00:21]} Qxc3 {[%emt 0:00:15]} 31. Kh4 {[%emt 0:00:39]} Be7 {[%emt 0:01:54]} 32. Bd4 {[%emt 0:00:31]} Qd2 {[%emt 0:00:31]} 33. Qe5 {[%emt 0:00:29]} Bxg5+ {[%emt 0:00:27]} 34. Qxg5 {[%emt 0:00:05]} Qxd4 {[%emt 0:00:06]} 35. Qf4 {[%emt 0:00:44]} c5 {[%emt 0:00:56]} 36. h6 {[%emt 0:00:39]} gxh6 {[%emt 0:00:38]} 37. Rf1 {[%emt 0:00:30]} Qg7 {[%emt 0:00:26]} 38. Rd1 {[%emt 0:00:27]} Qg5+ {[%emt 0:00:29]} 39. Qxg5+ {[%emt 0:00:05]} hxg5+ {[%emt 0:00:03]} 40. Kxg5 {[%emt 0:00:08]} Kg7 {[%emt 0:00:08]} 41. Kf4 {[%emt 0:07:22]} f5 {[%emt 0:05:09]} 42. gxf5 {[%emt 0:00:43]} exf5 {[%emt 0:00:06]} 43. Kxf5 {[%emt 0:00:40]} Rf2+ {[%emt 0:00:54]} 44. Ke5 {[%emt 0:00:10]} a5 {[%emt 0:03:45]} 45. Ra1 {[%emt 0:00:49]} Rf8 {[%emt 0:01:08]} 46. Rxa5 {[%emt 0:00:54]} Re8+ {[%emt 0:01:05]} 47. Kd5 {[%emt 0:01:14]} Rd8+ {[%emt 0:00:28]} 48. Kxc5 {[%emt 0:00:59]} c3 {[%emt 0:00:49]} 49. Ra2 {[%emt 0:00:54]} Rd2 {[%emt 0:01:06]} 50. Bc2 {[%emt 0:00:04]} Rd8 {[%emt 0:00:22]} 51. Kb4 {[%emt 0:00:22]} Rc8 {[%emt 0:00:52]} 52. Bd3 {[%emt 0:00:13]} c2 {[%emt 0:00:46]} 53. Bxc2 {[%emt 0:00:05]} Kf6 {[%emt 0:00:22]} 54. Bd3 {[%emt 0:00:14]} Ke5 {[%emt 0:01:16]} 55. Bc4 {[%emt 0:00:07]} Rb8+ {[%emt 0:01:29]} 56. Kc3 {[%emt 0:00:05]} Rh8 {[%emt 0:00:41]} 57. Re2+ {[%emt 0:00:07]} Kd6 {[%emt 0:00:15]} 58. Re4 {[%emt 0:00:31]} Rh1 {[%emt 0:00:54]} 59. Kd4 {[%emt 0:00:10]} Rd1+ {[%emt 0:00:22]} 60. Bd3 {[%emt 0:00:04]} Kd7 {[%emt 0:01:31]} 61. Rg4 {[%emt 0:00:46]} Ke6 {[%emt 0:00:48]} 62. Rg6+ {[%emt 0:00:34]} Kf7 {[%emt 0:00:41]} 63. Ra6 {[%emt 0:00:12]} Ke7 {[%emt 0:02:16]} 64. Ke4 {[%emt 0:00:31]} Re1+ {[%emt 0:01:27]} 65. Kf5 {[%emt 0:00:06]} Kd7 {[%emt 0:00:54]} 66. Be4 {[%emt 0:00:06]} Kc7 {[%emt 0:04:39]} 67. Ke5 {[%emt 0:00:05]} Rd1 {[%emt 0:02:48]} 68. Rc6+ {[%emt 0:01:14]} Kd7 {[%emt 0:00:19]} 69. Rb6 {[%emt 0:00:19]} Re1 {[%emt 0:05:15]} 70. Rb7+ {[%emt 0:00:08]} Kc8 {[%emt 0:00:09]} 71. Rg7 {[%emt 0:00:33]} Kb8 {[%emt 0:01:31]} 72. Re7 {[%emt 0:00:34]} Rd1 {[%emt 0:00:20]} 73. Rg7 {[%emt 0:01:34]} Re1 {[%emt 0:00:30]} 74. Kd5 {[%emt 0:00:18]} Rc1 {[%emt 0:00:58]} 75. Kd6 {[%emt 0:00:12]} Rd1+ {[%emt 0:01:49]} 76. Bd5 {[%emt 0:00:05]} Rc1 {[%emt 0:01:10]} 77. Rb7+ {[%emt 0:01:30]} Kc8 {[%emt 0:00:10]} 78. Rb2 {[%emt 0:00:58]} Rg1 {[%emt 0:00:28]} 79. Be6+ {[%emt 0:00:07] Rc1 Bd5 Rd1 Ra2 Rb1 Rh2} 1-0

[Event "Bratislava Centenary Championship"]
[Site "Bratislava"]
[Date "2019.05.16"]
[Round "8.5"]
[White "Schwarz, Dusan"]
[Black "Oprea, Erik"]
[Result "1-0"]
[WhiteElo "2326"]
[BlackElo "2127"]
[Annotator "NA RC"]
[PlyCount "67"]
[EventDate "2019.05.10"]
[EventType "tourn"]
[EventCountry "SVK"]
[SourceTitle "playchess.com"]
[Source "ChessBase"]
[SourceQuality "1"]
[TimeControl "40/5400+30:1800+30"]

{[%evp 15,63,51,84,67,32767,32767,32767,116,108,74,196,32767,244,233,222,243,229,238,32767,32767,266,32767,225,32767,32767,169,162,0,32767,32767,32767,225,225,249,235,218,197,222,221,164,201,32767,283,32767,32767,793,736,569,540,567]} 1. d4 {[%emt 0:00:00]} Nf6 {[%emt 0:11:00]} 2. c4 {[%emt 0:00:00]} g6 {[%emt 0:00:52]} 3. Nc3 {[%emt 0:00:18]} Bg7 {[%emt 0:00:12]} 4. e4 {[%emt 0:00:13]} d6 {[%emt 0:00:06]} 5. f3 {[%emt 0:00:18]} e5 {[%emt 0:00:21]} 6. d5 {[%emt 0:02:28]} a5 {[%emt 0:00:41] E80: King's Indian: Sämisch: Lines without early ...0-0} (6... Nh5 7. Be3 f5 8. Qd2 Qh4+ 9. Bf2 Qe7 10. O-O-O O-O 11. Be3 Na6 12. Bd3 Nc5 13. Bc2 fxe4 14. Bxc5 exf3 15. Be3 e4 16. Bxe4 Bxc3 17. Qxc3 Qxe4 18. Nxf3 Qg4 {½-½ (41) Goryachkina,A (2518)-Ivanchuk,V (2713) Caleta 2019}) 7. Bd3 {[%emt 0:01:34]} h5 $146 {[%emt 0:01:25]} ({Predecessor:} 7... Nh5 8. Be3 Nf4 9. Bf1 O-O 10. Qd2 Na6 11. g3 Nh5 12. g4 Nf4 13. Nge2 f5 14. gxf5 Nxe2 15. Bxe2 gxf5 {½-½ (48) Larsen,K (2293)-Zhu,C (2476) Paris 2010}) 8. Nge2 {[%emt 0:03:58]} h4 {[%emt 0:00:29]} 9. Bg5 {[%emt 0:04:45]} Nbd7 {[%emt 0:01:00]} 10. Qd2 {[%emt 0:00:38]} c6 {[%emt 0:01:20]} 11. O-O-O {[%emt 0:02:39]} a4 {[%emt 0:02:03]} 12. dxc6 {[%emt 0:06:38]} Nc5 {[%emt 0:01:07]} (12... bxc6 $14 13. Bc2 {[%mdl 64] Discovered Attack} h3) 13. Bc2 {[%emt 0:01:23]} Ne6 {[%emt 0:09:48]} 14. cxb7 {[%emt 0:03:18]} ({Much less strong is} 14. Bxa4 $6 Rxa4 15. Bxf6 (15. Nxa4 Nxg5 16. Qxd6 Qxd6 $14) 15... Bxf6 $16) (14. Nxa4 Nxg5 15. Kb1 Ne6 $17) 14... Bxb7 {[%emt 0:00:21]} 15. Be3 {[%emt 0:00:54]} ({Weaker is} 15. Bxa4+ Rxa4 16. Nxa4 Nxg5 $11) 15... a3 {[%emt 0:00:48]} 16. Ba4+ {[%emt 0:03:30]} Rxa4 {[%emt 0:00:15]} 17. Nxa4 {[%emt 0:00:11]} axb2+ {[%emt 0:02:46]} 18. Kb1 {[%emt 0:03:10]} O-O {[%emt 0:05:37]} 19. Nac3 {[%emt 0:09:40]} Qc8 {[%emt 0:04:12]} 20. Qxd6 {[%emt 0:08:51]} Qxc4 {[%emt 0:00:40]} 21. Qb6 {[%emt 0:00:42]} ({White should try} 21. Qd3 $16 Ba6 22. Qxc4 Bxc4 23. Rd2 (23. Kxb2 Nh5 $16)) 21... Ba6 {[%emt 0:04:21]} 22. Rd6 {[%emt 0:01:17]} Ra8 {[%emt 0:02:03] [#]} 23. Rhd1 $1 {[%emt 0:02:05]} ({Less strong is} 23. Kxb2 Bf8 $14) 23... Qc8 {[%emt 0:08:22] [#]} 24. Qc6 $1 {[%emt 0:03:05]} ({Avoid the trap} 24. Kxb2 $2 Rb8 $19) ({Not} 24. Qxb2 Bf8 $14) 24... Qf8 {[%emt 0:04:07]} 25. R1d2 {[%emt 0:05:15]} ({Weaker is} 25. Kxb2 Bxe2 26. Nxe2 Rc8 $14) 25... Kh7 {[%emt 0:01:42]} 26. g3 {[%emt 0:01:48]} h3 {[%emt 0:00:42]} 27. g4 {[%emt 0:05:17]} ({But not} 27. Kxb2 $6 Bxe2 28. Nxe2 (28. Rxe2 Rb8+ 29. Kc2 Nxe4 $16) 28... Rc8) 27... Ng8 {[%emt 0:01:21]} 28. Rd7 {[%emt 0:06:25]} Qa3 {[%emt 0:14:38]} 29. Rxf7 {[%emt 0:09:38]} Nd8 {[%emt 0:02:11] [#]} 30. Rxg7+ $1 {[%emt 0:04:20]} Kxg7 {[%emt 0:00:08]} 31. Rd7+ {[%emt 0:01:46]} ({Weaker is} 31. Qxa8 Bd3+ {[%mdl 64] Discovered Attack} 32. Rxd3 Qxa8 $14) 31... Ne7 {[%emt 0:10:21]} 32. Qc5 $18 {[%emt 0:03:47]} ({Less strong is} 32. Qxa8 Bd3+ {[%mdl 64] Discovered Attack} 33. Rxd3 Qxa8 $14) 32... Nf7 {[%emt 0:05:10]} 33. Qxa3 {[%emt 0:01:10]} Bd3+ {[%emt 0:00:10]} 34. Kxb2 {[%emt 0:00:22]} 1-0

[Event "Bratislava Centenary Championship"]
[Site "Bratislava"]
[Date "2019.05.17"]
[Round "9.1"]
[White "Oprea, Erik"]
[Black "Privara, Igor"]
[Result "0-1"]
[WhiteElo "2127"]
[BlackElo "2177"]
[Annotator "NA RC"]
[PlyCount "158"]
[EventDate "2019.05.10"]
[EventType "tourn"]
[EventCountry "SVK"]
[SourceTitle "playchess.com"]
[Source "ChessBase"]
[SourceQuality "1"]
[TimeControl "40/5400+30:1800+30"]

1. c4 {[%emt 0:00:04]} e6 {[%emt 0:00:00]} 2. d4 {[%emt 0:00:07]} d5 {[%emt 0:00:00]} 3. Bf4 {[%emt 0:00:22]} c6 {[%emt 0:10:49]} 4. Nd2 {[%emt 0:01:06]} Qb6 {[%emt 0:06:03]} 5. c5 {[%emt 0:00:55]} Qxb2 {[%emt 0:00:50]} 6. Nb3 {[%emt 0:04:27]} Nf6 {[%emt 0:01:21]} 7. Bc1 {[%emt 0:18:05]} Qc3+ {[%emt 0:00:21]} 8. Bd2 {[%emt 0:00:10]} Qb2 {[%emt 0:00:06]} 9. f3 {[%emt 0:13:07]} Qa3 {[%emt 0:06:44]} 10. e3 {[%emt 0:01:04]} Nbd7 {[%emt 0:00:37]} 11. Kf2 {[%emt 0:03:19]} b6 {[%emt 0:02:16]} 12. Ne2 {[%emt 0:03:03]} bxc5 {[%emt 0:05:43]} 13. Na5 {[%emt 0:00:16]} Nb8 {[%emt 0:09:07]} 14. dxc5 {[%emt 0:01:45]} Bxc5 {[%emt 0:00:55]} 15. Nd4 {[%emt 0:00:31]} O-O {[%emt 0:01:08]} 16. Nab3 {[%emt 0:05:59]} Bxd4 {[%emt 0:06:14]} 17. exd4 {[%emt 0:00:17]} a5 {[%emt 0:08:02]} 18. Bc1 {[%emt 0:02:36]} Qd6 {[%emt 0:01:11]} 19. a4 {[%emt 0:00:30]} Re8 {[%emt 0:02:21]} 20. Bd3 {[%emt 0:00:31]} Nbd7 {[%emt 0:04:20]} 21. Ba3 {[%emt 0:00:37]} Qf4 {[%emt 0:00:15]} 22. Bc1 {[%emt 0:02:46]} Qc7 {[%emt 0:00:14]} 23. Be3 {[%emt 0:06:52]} e5 {[%emt 0:01:43]} 24. Rc1 {[%emt 0:00:16]} e4 {[%emt 0:00:46]} 25. Bb5 {[%emt 0:00:48]} Bb7 {[%emt 0:04:23]} 26. f4 {[%emt 0:01:36]} Qd6 {[%emt 0:02:01]} 27. Be2 {[%emt 0:00:09]} Ba6 {[%emt 0:00:15]} 28. g4 {[%emt 0:00:24]} Bxe2 {[%emt 0:00:42]} 29. Qxe2 {[%emt 0:00:07]} Reb8 {[%emt 0:00:26]} 30. Nc5 {[%emt 0:00:35]} Nxc5 {[%emt 0:00:42]} 31. Rxc5 {[%emt 0:01:59]} Nd7 {[%emt 0:02:20]} 32. Rc3 {[%emt 0:02:28]} c5 {[%emt 0:03:58]} 33. dxc5 {[%emt 0:01:10]} Qf6 {[%emt 0:00:10]} 34. Qd2 {[%emt 0:05:27]} Qh4+ {[%emt 0:02:14]} 35. Ke2 {[%emt 0:00:12]} Qxg4+ {[%emt 0:00:17]} 36. Ke1 {[%emt 0:00:07]} Rb1+ {[%emt 0:04:55]} 37. Rc1 {[%emt 0:00:08]} Rxc1+ {[%emt 0:00:17]} 38. Qxc1 {[%emt 0:00:07]} Rc8 {[%emt 0:00:03]} 39. Rg1 {[%emt 0:06:00]} Qe6 {[%emt 0:07:27]} 40. Qc3 {[%emt 0:02:52]} f6 {[%emt 0:01:50]} 41. Qxa5 {[%emt 0:34:40]} d4 {[%emt 0:08:55]} 42. Bxd4 {[%emt 0:00:00]} Qc4 {[%emt 0:09:24]} 43. Qd2 {[%emt 0:00:00]} Nxc5 {[%emt 0:00:46]} 44. Bxc5 {[%emt 0:00:00]} Qxc5 {[%emt 0:01:27]} 45. Rg3 {[%emt 0:00:00]} Qc1+ {[%emt 0:00:15]} 46. Qxc1 {[%emt 0:00:00]} Rxc1+ {[%emt 0:00:05]} 47. Kd2 {[%emt 0:00:00]} Ra1 {[%emt 0:00:01]} 48. f5 {[%emt 0:00:00]} Rxa4 {[%emt 0:00:12]} 49. Rc3 {[%emt 0:00:00]} Ra2+ {[%emt 0:04:20]} 50. Ke3 {[%emt 0:00:00]} h5 {[%emt 0:00:05]} 51. Rc8+ {[%emt 0:02:44]} Kh7 {[%emt 0:00:06]} 52. Kxe4 {[%emt 0:00:55]} Rxh2 {[%emt 0:00:13]} 53. Kf4 {[%emt 0:00:10]} Rf2+ {[%emt 0:00:30]} 54. Ke4 {[%emt 0:00:17]} h4 {[%emt 0:00:48]} 55. Rc1 {[%emt 0:00:28]} h3 {[%emt 0:00:40]} 56. Rc3 {[%emt 0:01:06]} h2 {[%emt 0:00:05]} 57. Rh3+ {[%emt 0:00:23]} Kg8 {[%emt 0:00:07]} 58. Rh5 {[%emt 0:00:45]} Kf7 {[%emt 0:00:30]} 59. Rh7 {[%emt 0:00:13]} Kf8 {[%emt 0:00:31]} 60. Rh8+ {[%emt 0:02:02]} Ke7 {[%emt 0:00:44]} 61. Rh7 {[%emt 0:00:50]} Kd6 {[%emt 0:00:24]} 62. Ke3 {[%emt 0:00:24]} Rxf5 {[%emt 0:00:21]} 63. Rxh2 {[%emt 0:00:07]} g5 {[%emt 0:00:46]} 64. Ke4 {[%emt 0:00:17]} Rf4+ {[%emt 0:00:23]} 65. Ke3 {[%emt 0:00:06]} Ke5 {[%emt 0:00:19]} 66. Rh8 {[%emt 0:00:56]} Ra4 {[%emt 0:01:42]} 67. Kf3 {[%emt 0:00:25]} Kf5 {[%emt 0:00:24]} 68. Rb8 {[%emt 0:00:09]} Ra3+ {[%emt 0:00:10]} 69. Kf2 {[%emt 0:00:08]} g4 {[%emt 0:01:46]} 70. Rf8 {[%emt 0:00:37]} Kg5 {[%emt 0:00:11]} 71. Rg8+ {[%emt 0:00:23]} Kf4 {[%emt 0:00:04]} 72. Rb8 {[%emt 0:00:18]} Ra2+ {[%emt 0:00:39]} 73. Kg1 {[%emt 0:00:11]} f5 {[%emt 0:00:42]} 74. Rb3 {[%emt 0:00:11]} g3 {[%emt 0:01:06]} 75. Kh1 {[%emt 0:00:45]} Kg4 {[%emt 0:00:09]} 76. Rb8 {[%emt 0:00:25]} f4 {[%emt 0:00:14]} 77. Rb1 {[%emt 0:00:20]} Kh3 {[%emt 0:00:31]} 78. Kg1 {[%emt 0:01:39]} f3 {[%emt 0:00:09]} 79. Rc1 {[%emt 0:00:53]} f2+ {[%emt 0:00:24]} 0-1

[Event "Bratislava Centenary Championship"]
[Site "Bratislava"]
[Date "2019.05.17"]
[Round "9.2"]
[White "Kralovic, Andrej"]
[Black "Schwarz, Dusan"]
[Result "0-1"]
[WhiteElo "2253"]
[BlackElo "2326"]
[Annotator "NA RC"]
[PlyCount "82"]
[EventDate "2019.05.10"]
[EventType "tourn"]
[EventCountry "SVK"]
[SourceTitle "playchess.com"]
[Source "ChessBase"]
[SourceQuality "1"]
[TimeControl "40/5400+30:1800+30"]

1. e4 {[%emt 0:00:00]} c5 {[%emt 0:00:00]} 2. b3 {[%emt 0:00:00]} g6 {[%emt 0:00:34]} (2... Nc6 3. Bb2 e5 4. Nf3 d6 5. Bc4 Be7 6. O-O Nh6 7. c3 O-O 8. d4 Qc7 9. Na3 Kh8 10. Nc2 f5 11. exf5 Nxf5 12. dxe5 dxe5 13. Qe2 Nd6 {½-½ (64) Vachier Lagrave,M (2780)-Maze,S (2596) chess.com INT 2019}) 3. Bb2 {[%emt 0:00:37]} Nf6 {[%emt 0:00:12]} 4. e5 {[%emt 0:05:28]} Nd5 {[%emt 0:01:04]} 5. g3 {[%emt 0:00:09]} Bg7 {[%emt 0:02:13]} 6. Bg2 {[%emt 0:00:15] B20: Sicilian: Unusual White 2nd moves} Nc7 {[%emt 0:02:02]} 7. f4 {[%emt 0:03:29]} d6 {[%emt 0:04:51]} 8. Nf3 {[%emt 0:04:10]} Nc6 {[%emt 0:00:26]} 9. Qe2 {[%emt 0:02:27]} O-O {[%emt 0:08:41]} 10. O-O $146 {[%emt 0:02:47]} ({Predecessor:} 10. Na3 Bg4 11. h3 Bxf3 12. Bxf3 {0-1 (61) Hanak,T (1771)-Zwardon,V (2397) Karvina 2017}) 10... Bg4 {[%emt 0:03:02]} 11. h3 {[%emt 0:03:34]} Bxf3 {[%emt 0:02:48]} 12. Bxf3 {[%emt 0:01:55]} Ne6 {[%emt 0:04:42]} 13. Qg2 {[%emt 0:14:50]} (13. Bxc6 $1 $11 bxc6 14. Na3) 13... Ned4 {[%emt 0:08:17]} 14. Bxd4 {[%emt 0:10:21]} Nxd4 {[%emt 0:00:38]} ({Reject} 14... cxd4 $6 15. exd6 Rc8 16. dxe7 $11) 15. Be4 {[%emt 0:06:02]} dxe5 {[%emt 0:01:06]} 16. Nc3 {[%emt 0:04:16]} exf4 {[%emt 0:03:49]} 17. gxf4 {[%emt 0:02:15]} Rb8 {[%emt 0:04:07]} 18. f5 {[%emt 0:03:53]} b6 {[%emt 0:03:55]} 19. Kh1 {[%emt 0:04:17]} e6 {[%emt 0:02:24]} 20. fxg6 {[%emt 0:01:23]} hxg6 {[%emt 0:00:31]} 21. Rae1 {[%emt 0:08:54]} Qh4 {[%emt 0:01:52]} 22. Ne2 {[%emt 0:03:13]} Nf5 {[%emt 0:07:10]} 23. Rg1 {[%emt 0:06:20]} Rbd8 {[%emt 0:03:04]} 24. Bd3 {[%emt 0:04:10]} Qh6 {[%emt 0:07:04]} 25. Bxf5 {[%emt 0:04:31]} exf5 {[%emt 0:00:08]} 26. d3 {[%emt 0:00:06]} Rde8 {[%emt 0:01:15]} 27. Ng3 {[%emt 0:00:19]} Kh7 {[%emt 0:01:19]} 28. Rgf1 {[%emt 0:02:09]} Re3 {[%emt 0:03:41]} 29. Rxe3 {[%emt 0:00:10]} Qxe3 {[%emt 0:00:07]} 30. Rf3 {[%emt 0:00:48]} Qg5 {[%emt 0:01:54]} 31. Qe2 {[%emt 0:00:35]} Bd4 {[%emt 0:02:15]} 32. Qf1 {[%emt 0:01:42]} Qh4 {[%emt 0:03:05]} 33. Kh2 {[%emt 0:00:33]} Re8 {[%emt 0:02:51]} 34. Rf4 {[%emt 0:00:04]} Qe7 {[%emt 0:02:34]} 35. Kg2 {[%emt 0:00:27]} Be5 {[%emt 0:00:56]} 36. Rf3 {[%emt 0:00:43]} Qg5 {[%emt 0:00:35]} 37. Kh2 {[%emt 0:00:49]} Bd6 {[%emt 0:03:26]} 38. Qg2 {[%emt 0:00:34]} Re3 {[%emt 0:01:25]} 39. Rxe3 {[%emt 0:00:42]} Qxe3 {[%emt 0:00:06]} 40. h4 {[%emt 0:00:14]} f4 {[%emt 0:02:10]} 41. Nf1 {[%emt 0:04:58]} f3+ {[%emt 0:00:00]} 0-1

[Event "Bratislava Centenary Championship"]
[Site "Bratislava"]
[Date "2019.05.17"]
[Round "9.3"]
[White "Pacher, Milan"]
[Black "Kostolansky, Sebastian Lukas"]
[Result "1/2-1/2"]
[WhiteElo "2396"]
[BlackElo "2323"]
[Annotator "RC"]
[PlyCount "117"]
[EventDate "2019.05.10"]
[EventType "tourn"]
[EventCountry "SVK"]
[SourceTitle "playchess.com"]
[Source "ChessBase"]
[SourceQuality "1"]
[TimeControl "40/5400+30:1800+30"]

1. d4 {[%emt 0:00:00]} Nf6 {[%emt 0:00:00]} 2. c4 {[%emt 0:00:00]} g6 {[%emt 0:01:15]} 3. Nc3 {[%emt 0:00:00]} Bg7 {[%emt 0:00:11]} 4. e4 {[%emt 0:00:00]} d6 {[%emt 0:00:06]} 5. Nf3 {[%emt 0:00:34]} O-O {[%emt 0:00:42]} 6. h3 {[%emt 0:00:17]} Nbd7 {[%emt 0:02:40]} 7. Be3 {[%emt 0:02:36]} e5 {[%emt 0:02:15]} 8. d5 {[%emt 0:00:06]} Nc5 {[%emt 0:07:34]} 9. Nd2 {[%emt 0:00:22]} a5 {[%emt 0:00:44]} 10. g4 {[%emt 0:01:04]} c6 {[%emt 0:15:51]} 11. Qc2 {[%emt 0:02:44]} Bd7 {[%emt 0:07:13]} 12. O-O-O {[%emt 0:01:22]} cxd5 {[%emt 0:06:31]} 13. cxd5 {[%emt 0:05:11]} Rc8 {[%emt 0:06:28]} 14. Kb1 {[%emt 0:01:36]} Na4 {[%emt 0:07:31]} 15. Nc4 {[%emt 0:07:07]} Nxc3+ {[%emt 0:00:11]} 16. bxc3 {[%emt 0:00:04]} b5 {[%emt 0:16:41]} 17. Nxd6 {[%emt 0:25:23]} Rb8 {[%emt 0:04:37]} 18. g5 {[%emt 0:10:00]} Nh5 {[%emt 0:01:45]} 19. a4 {[%emt 0:04:03]} bxa4+ {[%emt 0:01:11]} 20. Ka2 {[%emt 0:00:02]} Qc7 {[%emt 0:01:44]} 21. Nc4 {[%emt 0:00:47]} Rb3 {[%emt 0:02:22]} 22. d6 {[%emt 0:03:26]} Qc6 {[%emt 0:03:13]} 23. Rd5 {[%emt 0:00:36]} Rfb8 {[%emt 0:06:37]} 24. Rc5 {[%emt 0:01:14]} Qb7 {[%emt 0:01:10]} 25. Rc7 {[%emt 0:09:24]} Rxc3 {[%emt 0:00:05]} 26. Rxb7 {[%emt 0:00:07]} Rxc2+ {[%emt 0:00:04]} 27. Kb1 {[%emt 0:00:06]} Rxb7+ {[%emt 0:00:05]} 28. Kxc2 {[%emt 0:00:05]} Nf4 {[%emt 0:03:34]} 29. Nxa5 {[%emt 0:00:54]} Rb8 {[%emt 0:01:13]} 30. Bc4 {[%emt 0:01:12]} Ne6 {[%emt 0:00:39]} 31. Bd5 {[%emt 0:04:01]} Nd4+ {[%emt 0:00:43]} 32. Bxd4 {[%emt 0:02:35]} exd4 {[%emt 0:00:04]} 33. Nc4 {[%emt 0:00:28]} Kf8 {[%emt 0:00:31]} 34. h4 {[%emt 0:02:41]} Rb3 {[%emt 0:00:27]} 35. f4 {[%emt 0:02:13]} Bb5 {[%emt 0:00:51]} 36. Ne5 {[%emt 0:03:15]} d3+ {[%emt 0:00:15]} 37. Kd2 {[%emt 0:00:08]} Rb2+ {[%emt 0:00:24]} 38. Ke3 {[%emt 0:02:04]} Re2+ {[%emt 0:00:56]} 39. Kd4 {[%emt 0:01:51]} d2 {[%emt 0:00:24]} 40. Rd1 {[%emt 0:00:05]} a3 {[%emt 0:00:39]} 41. Kc5 {[%emt 0:35:02]} Ba4 {[%emt 0:14:56]} 42. Kb6 {[%emt 0:00:00]} a2 {[%emt 0:13:11]} 43. Bxa2 {[%emt 0:00:00]} Rxe4 {[%emt 0:03:22]} 44. Rxd2 {[%emt 0:00:00]} Rxf4 {[%emt 0:00:32]} 45. Nc6 {[%emt 0:00:00]} Bxc6 {[%emt 0:00:31]} 46. Kxc6 {[%emt 0:00:00]} Bc3 {[%emt 0:00:24]} 47. Rd5 {[%emt 0:00:00]} Rf5 {[%emt 0:00:04]} 48. Rxf5 {[%emt 0:00:00]} gxf5 {[%emt 0:00:05]} 49. Bb1 {[%emt 0:00:00]} Kg7 {[%emt 0:00:59]} 50. Bxf5 {[%emt 0:00:00]} h6 {[%emt 0:00:21]} 51. d7 {[%emt 0:00:00]} Ba5 {[%emt 0:00:03]} 52. gxh6+ {[%emt 0:00:00]} Kxh6 {[%emt 0:00:05]} 53. Bg4 {[%emt 0:00:00]} f5 {[%emt 0:00:07]} 54. Bf3 {[%emt 0:00:00]} Bd8 {[%emt 0:00:12]} 55. h5 {[%emt 0:00:00]} Kg7 {[%emt 0:00:09]} 56. Kd6 {[%emt 0:00:00]} Kf6 {[%emt 0:00:27]} 57. Bd1 {[%emt 0:00:00]} Be7+ {[%emt 0:00:36]} 58. Kc7 {[%emt 0:00:00]} Kg7 {[%emt 0:00:04]} 59. Kc6 {[%emt 0:00:00]} 1/2-1/2